[Event "HCL-E1569"]
[Site "www.playchess.de"]
[Date "2006.03.28"]
[Round "7"]
[White "Wernswig"]
[Black "Glomp"]
[WhiteElo "1372"]
[BlackElo "1550"]
[PlyCount "46"]
[Result "0-1"]

1.e4 {hallo, ich wünsche viel spaß}  e5 {dito}  
2.f4 exf4 3.Nf3 d5 4.e5 g5 5.h3 Nh6 6.Bd3 Nc6 7.b3 
Bg7 8.Bb2 O-O 9.O-O Re8 10.c4 Nxe5 11.Nxe5 Bxe5 
12.Nc3 dxc4 13.Bxc4 Nf5 14.Qh5 Nd6 15.Bd3 Bf5 
16.Be2 Bg6 17.Qg4 Qe7 18.Qf3 c6 19.Rae1 Qd7 20.Kh1 
Nf5 21.g4 Ng3+ 22.Kg2 Bxc3 23.Bxc3 
Be4 0-1

[Event "HCL-A2540"]
[Site "www.playchess.de"]
[Date "2006.03.28"]
[Round "23"]
[White "MimiSiku"]
[Black "tiit145"]
[WhiteElo "1479"]
[BlackElo "1475"]
[PlyCount "123"]
[Result "1/2-1/2"]

1.e4 {Hello from Würzburg, Germany. Have a nice 
game!}  c5 {Hello from Tallinn Estonia-good 
luck.Tiit}  2.Nf3 d6 3.Bc4 Nf6 4.d3 Bg4 5.Be3 Nc6 
6.O-O e6 {Hello!Happy New Year! Tiit}  7.Nbd2 d5 
8.exd5 {Happy New Year!}  exd5 9.Bb5 Bd6 10.Qe1 
O-O 11.h3 Bxf3 12.Nxf3 Qb6 13.Bxc6 Qxc6 14.Bg5 
Rfe8 15.Qd2 Be7 16.Ne5 Qb6 17.c3 Qc7 18.Rfe1 Ne4 
19.dxe4 Bxg5 20.Qxg5 Rxe5 21.Qf4 Rae8 22.Kf1 Qd7 
23.Rad1 Qe6 24.f3 Qa6+ 25.Kg1 Qxa2 26.Rd2 Qa4 
27.Qe3 f5 28.Qxc5 dxe4 29.Qc7 R5e7 30.Qf4 g6 
31.Rde2 R7e5 32.Qh4 Qc6 33.Qg3 Qc5+ 34.Kh2 a5 
35.fxe4 Qb5 36.Qf3 b6 37.Kg1 Qc4 38.Kf2 R5xe4 
39.R2xe4 fxe4 40.Qe3 Qb3 41.Re2 a4 42.Qd4 b5 
43.Qb4 e3+ 44.Kg3 Qd5 45.Qf4 Re4 46.Qb8+ Kg7 
47.Qa7+ Kh6 48.Qc7 Qd1 49.Kf3 a3 50.Kxe4 Qxe2 
51.Qf4+ g5 52.Qf6+ Kh5 53.bxa3 Qc2+ 54.Kxe3 Qxg2 
55.Qf7+ Kh6 56.Qf6+ {(offering draw)}  Kh5 57.Qf7+ 
Kh4 58.Qxh7+ Kg3 59.Qc7+ Kxh3 60.Qh7+ Kg3 61.Qc7+ 
Kh4 62.Qh7+ {(offering draw) This is draw!} 
 1/2-1/2

[Event "HCL-A2603"]
[Site "www.playchess.de"]
[Date "2006.03.28"]
[Round "8"]
[White "Macko"]
[Black "Huib"]
[WhiteElo "1781"]
[BlackElo "1327"]
[PlyCount "57"]
[Result "1-0"]

1.b4 Nc6 2.b5 Nd4 3.e3 Nf5 4.e4 Nd6 5.e5 Nf5 6.Nf3 
d5 7.d4 e6 8.Bd3 Nge7 9.g4 Nh6 10.h3 f6 11.exf6 
gxf6 12.O-O c6 13.Qe2 Qc7 14.bxc6 Nxc6 15.c4 Nb4 
16.cxd5 Nxd3 17.Qxd3 exd5 18.Re1+ Kd8 19.Qb5 Qc6 
20.Nc3 Qxb5 21.Nxb5 Bd7 22.Rb1 Rg8 23.Bxh6 Bxh6 
24.Nd6 Kc7 25.Nxb7 f5 26.Re2 Bc8 27.Ne5 Bxb7 
28.Rc2+ Kb8 29.Nd7+ 1-0

[Event "HCL-B3877"]
[Site "www.playchess.de"]
[Date "2006.03.28"]
[Round "20"]
[White "seisan"]
[Black "hovis"]
[WhiteElo "1441"]
[BlackElo "1200"]
[PlyCount "65"]
[Result "1-0"]

1.d4 {hi}  d5 2.Nf3 e6 3.Bf4 Nc6 4.e3 Nf6 5.Bb5 h6 
6.O-O Bd7 7.Nc3 Bd6 8.Bxd6 cxd6 9.Ne2 a6 10.Bxc6 
Bxc6 11.Ng3 Qc7 12.c3 e5 13.Nh4 Bd7 14.Nh5 Qd8 
15.Nxf6+ Qxf6 16.g3 Bh3 17.Re1 Qe6 18.e4 O-O 
19.exd5 Qxd5 20.Qf3 Qxf3 21.Nxf3 Bg4 22.Nd2 exd4 
23.cxd4 d5 24.Rac1 Be6 25.Rc7 Rab8 26.Rec1 Rfd8 
27.f4 Rdc8 28.Nf3 Rcd8 29.Ne5 f6 30.Ng6 Kh7 31.Ne7 
Rde8 32.f5 Bd7 33.Rxd7 1-0

[Event "HCL-A2639"]
[Site "www.playchess.de"]
[Date "2006.03.28"]
[Round "3"]
[White "sonnygarcia"]
[Black "pimpy"]
[WhiteElo "1078"]
[BlackElo "1700"]
[PlyCount "56"]
[Result "0-1"]

1.e4 c5 2.Nf3 Nc6 3.d4 cxd4 4.Nxd4 g6 5.Nc3 Bg7 
6.Be3 Nf6 7.Qd2 Ng4 8.h3 Nxe3 9.fxe3 O-O 10.O-O-O 
d6 11.Bb5 Ne5 12.g4 Bd7 13.Bxd7 Qxd7 14.Nd5 Rfc8 
15.Rdf1 Rc5 16.Nb3 Nc4 17.Qe2 Bxb2+ 18.Kb1 Rcc8 
19.Nd2 Nxd2+ 20.Qxd2 Be5 21.Rfg1 Rc4 22.h4 Qb5+ 
23.Kc1 Qb2+ 24.Kd1 e6 25.Nf4 Bxf4 26.exf4 Rac8 
27.Rg2 Rd4 28.Rhh2 Rxd2+ 0-1

[Event "HCL-E1460"]
[Site "www.playchess.de"]
[Date "2006.03.28"]
[Round "1"]
[White "HFlew"]
[Black "michbarc"]
[WhiteElo "1765"]
[BlackElo "1745"]
[PlyCount "107"]
[Result "1-0"]

1.c4 {Hello from Michigan!}  Nf6 {Hi, from Warsaw} 
 2.Nc3 g6 3.Nf3 Bg7 4.e4 d6 5.d4 O-O 6.Bd3 Bg4 
7.O-O Nc6 8.Be3 e5 9.d5 Nd4 10.Be2 Nxe2+ 11.Qxe2 
Nh5 12.h3 Bxf3 13.Qxf3 f5 14.exf5 Rxf5 15.Qe4 Nf4 
16.Bxf4 Rxf4 17.Qd3 a6 18.g3 Rd4 19.Qe2 Qd7 20.Kg2 
Rf8 21.Rad1 Rxd1 22.Rxd1 Rf5 23.Ne4 Qa4 24.b3 Qa5 
25.Qd2 Qxd2 26.Rxd2 Bh6 27.Rc2 Bf8 28.Rc3 h6 
29.Rf3 Be7 30.g4 Rxf3 31.Kxf3 Kf7 32.Kg3 c6 33.a3 
Ke8 34.h4 cxd5 35.cxd5 Kd7 36.h5 g5 37.Kf3 Kc7 
38.Ke3 Kb6 39.Kd3 a5 40.a4 Kc7 41.Kc4 Kb6 
{(offering draw)}  42.Ng3 {Not yet...}  Bf8 {ok}  
43.Ne2 Be7 44.f3 Ka6 45.Nc1 Kb6 46.Nd3 Ka6 47.Kc3 
b5 48.Kd2 bxa4 49.bxa4 Kb7 50.Ke3 Kc7 51.Ke4 Kd7 
52.Kf5 Bd8 53.Kg6 Ke7 54.Nf2 1-0

[Event "HCL-A2556"]
[Site "www.playchess.de"]
[Date "2006.03.28"]
[Round "9"]
[White "Whiterock"]
[Black "Andy1"]
[WhiteElo "1472"]
[BlackElo "1446"]
[PlyCount "97"]
[Result "1-0"]

1.d4 {Hi Andreas. It seems we've played before :)} 
 Nf6 2.c4 g6 3.Nc3 Bg7 4.e4 d6 5.Nf3 O-O 6.Be2 Bg4 
7.Be3 Nbd7 8.h3 Bxf3 9.gxf3 a6 10.Qd2 Re8 11.O-O-O 
c6 12.f4 b5 13.e5 b4 14.Nb1 Ne4 15.Qxb4 Rb8 16.Qa4 
Qb6 17.b3 Qb7 18.Bf3 d5 19.c5 f5 20.Rdg1 Nf8 
21.Be2 g5 22.fxg5 a5 23.f3 Nxc5 24.dxc5 Bxe5 25.f4 
Bg7 26.Bd4 Qc7 27.Bxg7 Kxg7 28.Qd4+ Kg8 29.Nd2 Rb4 
30.Qe5 Qa7 31.Qe3 e6 32.a3 d4 33.Qd3 Qxc5+ 34.Qc2 
Qxc2+ 35.Kxc2 Rb7 36.h4 c5 37.a4 Ng6 38.Rgf1 Rd8 
39.h5 Nf8 40.Rfg1 Rbd7 41.Bd3 Kg7 42.Nc4 Ra7 
43.Ne5 Re8 44.h6+ Kg8 45.g6 hxg6 46.Nxg6 Nxg6 
47.Rxg6+ Kh7 48.Rf6 Rae7 49.Re1 1-0

[Event "HCL-B3952"]
[Site "www.playchess.de"]
[Date "2006.03.28"]
[Round "1"]
[White "emmanuel69"]
[Black "Erbse"]
[WhiteElo "1600"]
[BlackElo "600"]
[PlyCount "95"]
[Result "1-0"]

1.c4 e5 {hi}  2.Nc3 Bb4 3.e3 d6 4.d4 e4 5.Bd2 Bxc3 
6.Bxc3 d5 7.b3 Nh6 8.Ne2 O-O 9.Nf4 c6 10.Be2 Qg5 
11.O-O Rd8 12.Nh3 Bxh3 13.g3 Bxf1 14.Qxf1 Nf5 
15.Qh3 Qf6 16.Bg4 Nh6 17.Bh5 g6 18.Be2 c5 19.Rc1 
Nc6 20.dxc5 d4 21.exd4 Nxd4 22.Kf1 Qf5 23.g4 Qg5 
24.Rd1 Nc2 25.Rb1 e3 26.Rc1 Qf4 27.f3 f5 28.Rxc2 
Nxg4 29.Kg2 Nf2 30.Qg3 Qh6 31.f4 Ng4 32.h3 Nf6 
33.Bxf6 Rd7 34.Qxe3 Qf8 35.Be5 Re8 36.Bf3 Red8 
37.Bd5+ Rf7 38.Rd2 h5 39.Bxf7+ Kxf7 40.Bd6 Qe8 
41.Re2 Qc6+ 42.Kg3 Re8 43.Qxe8+ Qxe8 44.Rxe8 Kxe8 
45.Kh4 b6 46.Kg5 Kf7 47.cxb6 axb6 {(offering draw) 
:)}  48.Bc7 1-0

[Event "HCL-C4130"]
[Site "www.playchess.de"]
[Date "2006.03.28"]
[Round "33"]
[White "handrej68"]
[Black "newplayer"]
[WhiteElo "1279"]
[BlackElo "1088"]
[PlyCount "111"]
[Result "1-0"]

1.d4 d5 2.Bg5 f6 3.Bh4 g5 4.Bg3 h5 5.h3 h4 6.Bh2 
c6 7.e3 Qb6 8.b3 Qb4+ 9.Qd2 Qxd2+ 10.Nxd2 Na6 
11.c3 e6 12.Bd3 c5 13.Ne2 cxd4 14.Nxd4 Nc5 15.Bb5+ 
Bd7 16.Bxd7+ Kxd7 17.Ke2 a5 18.b4 axb4 19.cxb4 Na4 
20.a3 Nc3+ 21.Kd3 Na4 22.Rhc1 Bg7 23.Rc7+ Ke8 
24.Rxg7 e5 25.Nf5 Nb2+ 26.Kc2 Na4 27.Rxb7 Nh6 
28.Ng7+ Kd8 29.Ne6+ Kc8 30.Rc7+ Kb8 31.Rc6 Rc8 
32.Rxc8+ Kxc8 33.Kb3 Kd7 34.Nf8+ Rxf8 35.Kxa4 Rc8 
36.Kb3 Nf5 37.Kb2 d4 38.exd4 Nxd4 39.Rc1 Re8 
40.Ne4 Rf8 41.Nc5+ Kd6 42.f3 f5 43.Bxe5+ Kxe5 
44.Nd7+ Kf4 45.Nxf8 Kg3 46.Nh7 Kxg2 47.Nxg5 Nxf3 
48.Nxf3 Kxf3 49.b5 Kg3 50.b6 Kxh3 51.b7 f4 52.b8Q 
f3 53.Rh1+ Kg4 54.Qb4+ Kf5 55.Qxh4 Ke6 
56.Qe4+ 1-0

[Event "HCL-C4155"]
[Site "www.playchess.de"]
[Date "2006.03.28"]
[Round "3"]
[White "Sargreg4"]
[Black "Genesio"]
[WhiteElo "800"]
[BlackElo "1067"]
[PlyCount "63"]
[Result "1-0"]

1.e4 c5 {Hi!}  2.Bb5 Nc6 3.Nf3 g6 4.d3 Bg7 5.Bxc6 
bxc6 6.Bg5 d5 7.O-O Bg4 8.Nbd2 Nf6 9.Bxf6 Bxf6 
10.h3 Bxf3 11.Nxf3 Bxb2 12.Rb1 Bg7 13.Nd2 O-O 
14.Nb3 dxe4 15.Nxc5 exd3 16.Nxd3 Rb8 17.Nb4 Qxd1 
18.Rfxd1 Bc3 19.Nxc6 Rxb1 20.Rxb1 a6 21.Nxe7+ Kg7 
22.Nd5 Bf6 23.Nc7 a5 24.Nb5 Rb8 25.c4 Re8 26.c5 
Rc8 27.Rc1 Be7 28.c6 Kf6 29.c7 Ke6 30.Na7 Ba3 
31.Nxc8 Bxc1 32.Nb6 1-0

[Event "HCL-C4190"]
[Site "www.playchess.de"]
[Date "2006.03.28"]
[Round "27"]
[White "aussie"]
[Black "mudelta"]
[WhiteElo "1064"]
[BlackElo "1189"]
[PlyCount "70"]
[Result "0-1"]

1.e4 c5 2.b3 e5 3.Bb2 d6 4.Nf3 Nf6 5.Nc3 Nc6 6.Be2 
Be6 7.h3 Be7 8.Ng5 Qd7 9.Nxe6 Qxe6 10.O-O Rd8 
11.Nb5 Kf8 12.Bg4 Nxg4 13.Qxg4 Qh6 14.d3 Qd2 
15.Qd1 Qa5 16.a4 a6 17.Nc3 h5 18.f4 exf4 19.Rxf4 
Nd4 20.Nd5 Bg5 21.Rf1 Qd2 22.Bxd4 cxd4 23.Nc7 Qe3+ 
24.Kh1 Qg3 25.Ne6+ Kg8 26.Nxd8 Bxd8 27.Rf3 Qe5 
28.Rf5 Qe6 29.Rxh5 Rxh5 30.Qxh5 Qc8 31.Rc1 Qc3 
32.Rf1 Bf6 33.Qg4 Be5 34.Qd7 f6 35.Rf2 
Qe1+ 0-1

[Event "HCL-B3861"]
[Site "www.playchess.de"]
[Date "2006.03.28"]
[Round "7"]
[White "jsaemi"]
[Black "evets"]
[WhiteElo "1430"]
[BlackElo "1392"]
[PlyCount "93"]
[Result "1-0"]

1.e4 c5 2.Bc4 e6 3.Nf3 Nc6 4.O-O Be7 5.Nc3 Nd4 
6.Nxd4 cxd4 7.Ne2 e5 8.c3 dxc3 9.Nxc3 Nf6 10.d3 b6 
11.Be3 O-O 12.Rc1 Bb7 13.Qf3 Bb4 14.Qg3 Re8 15.Bh6 
Bf8 16.Bg5 Nh5 17.Bxd8 Nxg3 18.fxg3 Rexd8 19.Rxf7 
Kh8 20.Kf1 Bc5 21.Ke2 Rdf8 22.Rcf1 Rxf7 23.Rxf7 
Rf8 24.Rxf8+ Bxf8 25.a3 Bc5 26.b4 Bd4 27.Nb5 Bg1 
28.h3 a5 29.Nd6 Bc6 30.Nf7+ Kg8 31.Nxe5+ Kf8 
32.Nf3 b5 33.Bxb5 Bb6 34.Bxc6 dxc6 35.Ne5 axb4 
36.axb4 Bc7 37.Nxc6 Bxg3 38.e5 Ke8 39.Kf3 Bh4 
40.Ke4 Kd7 41.Kd5 h5 42.g4 hxg4 43.hxg4 Bg3 44.b5 
Bf2 45.e6+ Ke8 46.d4 Bg3 47.b6 1-0

[Event "HCL-A2623"]
[Site "www.playchess.de"]
[Date "2006.03.28"]
[Round "1"]
[White "pbchess"]
[Black "foinaven"]
[WhiteElo "1700"]
[BlackElo "1396"]
[PlyCount "59"]
[Result "1-0"]

1.c4 {Good luck}  e5 {Thanks}  2.Nc3 Nc6 3.g3 g6 
4.Bg2 Bg7 5.e3 d6 6.Nge2 h5 7.d4 h4 8.a3 Bd7 9.b4 
Qe7 10.Bb2 Nf6 11.b5 Na5 12.Qa4 b6 13.Bxa8 exd4 
14.Nxd4 hxg3 15.hxg3 Rh3 16.Rxh3 Bxh3 17.O-O-O Ng4 
18.Nd5 Qg5 19.Bc6+ Kf8 20.Nf4 Nxf2 21.Rd2 Qxg3 
22.Nxh3 Nxh3 23.Re2 Bh6 24.Qc2 Bxe3+ {(offering 
draw) Shall we share the point??}  25.Kb1 {Let´s 
play a little bit more. I think tis position is 
worth more than a draw. :)}  Nf4 26.Qe4 Qg1+ 
27.Ka2 Kg8 {I see you lost against philipkavenny 
that puts me in E! Dont need a draw now ;-)}  
28.Nf3 Qd1 29.Qe8+ Kh7 30.Qh8+ {I hope you do well 
in E. Bye}  1-0

[Event "HCL-B3867"]
[Site "www.playchess.de"]
[Date "2006.03.28"]
[Round "3"]
[White "garden"]
[Black "unclcarle"]
[WhiteElo "1164"]
[BlackElo "1057"]
[PlyCount "76"]
[Result "0-1"]

1.e4 e5 {Have a good game}  2.Nf3 {lets}  Nc6 
3.Be2 Nf6 4.d3 Bc5 5.Bg5 h6 6.Be3 Bxe3 7.fxe3 O-O 
8.d4 exd4 9.exd4 Nxe4 10.Nc3 Nxc3 11.bxc3 d6 12.c4 
Bg4 13.d5 Ne5 14.h3 Bxf3 15.Bxf3 Qh4+ 16.Kf1 Qxc4+ 
17.Be2 Qf4+ 18.Bf3 Nc4 19.Kf2 Qe3+ 20.Kg3 Qg5+ 
21.Kh2 Ne3 22.Qe2 Rae8 23.Qf2 Re5 24.h4 Qf4+ 25.g3 
Qc4 26.Rae1 Nxc2 27.Rec1 Qxa2 28.Rxc2 Qa5 29.Re1 
Rxe1 30.Rd2 Rfe8 31.Ra2 Qc3 32.Rxa7 Qd3 33.Rxb7 
R8e2 34.Bxe2 Rxe2 35.Qxe2 Qxe2+ 36.Kh3 Qf1+ 37.Kg4 
f5+ 38.Kh5 Qf3+ 0-1

[Event "HCL-B3909"]
[Site "www.playchess.de"]
[Date "2006.03.28"]
[Round "8"]
[White "jackone"]
[Black "ama49"]
[WhiteElo "1212"]
[BlackElo "1103"]
[PlyCount "50"]
[Result "0-1"]

1.c4 c5 {Greetings from Scotland}  2.Nc3 Nc6 3.g3 
d6 4.Bg2 Bd7 5.e3 Nf6 6.Nd5 e6 7.Nxf6+ Qxf6 8.Ne2 
Be7 9.Qb3 b6 10.O-O O-O 11.d4 cxd4 12.exd4 Rac8 
13.d5 exd5 14.cxd5 Nd4 15.Nxd4 Qxd4 16.Rd1 Qc5 
17.Be3 Qc7 18.Rac1 Qb7 19.Rxc8 Rxc8 20.Rd4 Bf6 
21.Rc4 Be5 22.Bf4 Bxf4 23.Rxf4 Rc1+ 24.Bf1 Bh3 
25.Qe3 Rxf1+ 0-1

[Event "HCL-E1595"]
[Site "www.playchess.de"]
[Date "2006.03.28"]
[Round "2"]
[White "Vinci"]
[Black "HrDoctor"]
[WhiteElo "1619"]
[BlackElo "1614"]
[PlyCount "56"]
[Result "0-1"]

1.e4 {hi and greetings from switzerland}  c5 {hi 
and good luck!}  2.Nf3 Nc6 3.d4 cxd4 4.Nxd4 g6 
5.Nc3 Bg7 6.Be3 Nf6 7.f3 d5 8.Nxc6 bxc6 9.exd5 
Nxd5 10.Bd4 Nxc3 11.bxc3 O-O 12.Be2 c5 13.Bxg7 
Kxg7 14.O-O Be6 15.c4 Rb8 16.Bd3 Rb2 17.Qe2 Qd4+ 
18.Kh1 Rfb8 19.f4 a6 20.f5 gxf5 21.Bxf5 {(offering 
draw) i don't see any advantage. what about a 
draw?}  Bxf5 {i try a few moves... 3-4 ))}  
22.Rxf5 {of course! my king's place is not that 
safe, i know.}  Rxc2 23.Qe5+ {ok}  Qxe5 24.Rxe5 
Rbb2 25.Rxe7 Rbxa2 26.Rf1 Rcf2 27.Rxf2 {advantage 
for you, but a difficult endgame with each one 
rook.}  Ra1+ {?? sorry )}  28.Rf1 {congratulation, 
very well played! nice trap! i oversaw this}  
Rxf1+ {tnanx! and 4u too}  0-1

[Event "HCL-A2629"]
[Site "www.playchess.de"]
[Date "2006.03.28"]
[Round "20"]
[White "BohdanL"]
[Black "IRONMAIDEN"]
[WhiteElo "1517"]
[BlackElo "1202"]
[PlyCount "80"]
[Result "0-1"]

1.e4 {hi, have a nice game}  e5 2.Nf3 Nc6 3.d4 
exd4 4.Nxd4 Nxd4 5.Qxd4 d6 6.Bc4 Nf6 7.Nc3 Be7 
8.Be3 O-O 9.O-O-O a6 10.f3 b5 11.Bb3 Bb7 12.g4 b4 
13.Qxb4 Rb8 14.Qd4 Nd7 15.Rdg1 Ne5 16.Rgf1 a5 
17.Qd2 Ba6 18.Ne2 c5 19.g5 Bxe2 20.Qxe2 Nc6 21.a3 
Nd4 22.Bxd4 cxd4 23.h4 Qc7 24.Rfg1 Rxb3 25.Kb1 Re3 
26.Qd1 Rb8 27.Qxd4 Rxa3 28.h5 Rb4 29.Qd2 d5 
30.exd5 Qb6 31.c3 Rba4 32.Kc2 Qb3+ 33.Kd3 Qxd5+ 
34.Ke2 Qe5+ 35.Kf2 {you missed nice 33....Rd4+, 
but still fine}  R3a2 {you should tell me b4 I 
move...playing already above my rating...}  
36.Rge1 Bc5+ 37.Kf1 R2a1 38.f4 Rxf4+ 39.Kg2 Rg4+ 
40.Kh3 Qg3+ 0-1

[Event "HCL-C4095"]
[Site "www.playchess.de"]
[Date "2006.03.28"]
[Round "15"]
[White "alauddin"]
[Black "albertopv"]
[WhiteElo "977"]
[BlackElo "1201"]
[PlyCount "36"]
[Result "0-1"]

1.g3 {Hello!}  e5 {Ciao and good game!}  2.d4 Bd6 
3.d5 Nf6 4.Nc3 O-O 5.e4 b6 6.Nf3 Bc5 7.h3 d6 8.Bb5 
a6 9.Be2 c6 10.a3 cxd5 11.Nxd5 Bd7 12.h4 Nxe4 
13.Be3 Be6 14.a4 Nc6 15.Ng5 Nd4 16.Bh5 Bxd5 17.f3 
Nxg3 18.Rh3 Nxh5 0-1

[Event "HCL-E1585"]
[Site "www.playchess.de"]
[Date "2006.03.28"]
[Round "20"]
[White "Skipper"]
[Black "player_reh"]
[WhiteElo "1515"]
[BlackElo "1418"]
[PlyCount "37"]
[Result "1-0"]

1.e4 e5 2.Nf3 d6 3.d4 Nd7 4.dxe5 Qe7 5.exd6 Qxe4+ 
6.Be2 Bxd6 7.O-O Ne7 8.Nc3 Qg6 9.Bd3 f5 10.Nb5 Nb6 
11.Re1 Nbd5 12.Bc4 Nf4 13.Nxd6+ Qxd6 14.Qxd6 cxd6 
15.Bxf4 Kd7 16.Rad1 d5 17.Bb5+ Kd8 18.Bg5 Re8 
19.Bxe8 1-0

[Event "HCL-T266"]
[Site "www.playchess.de"]
[Date "2006.03.28"]
[Round "18"]
[White "Wilmy"]
[Black "pruliere"]
[WhiteElo "1248"]
[BlackElo "1830"]
[PlyCount "50"]
[Result "0-1"]

1.e4 e6 2.d4 d5 3.Nc3 Bb4 4.e5 c5 5.Nf3 Nc6 6.dxc5 
Bxc5 7.Bb5 a6 8.Ba4 b5 9.Bb3 f6 10.Bf4 fxe5 
11.Bxe5 Nxe5 12.Nxe5 Qf6 13.Qe2 Bd4 14.Ng4 Bxc3+ 
15.Kf1 Qd8 16.bxc3 Nf6 17.Kg1 O-O 18.Ne5 Qd6 19.h4 
Ne4 20.Nf3 Nxc3 21.Qe3 Ne4 22.Rd1 Bb7 23.Ne1 Nxf2 
24.Rd2 Nxh1 25.Kxh1 Rf1+ 0-1

[Event "HCL-E1591"]
[Site "www.playchess.de"]
[Date "2006.03.28"]
[Round "8"]
[White "gridguy"]
[Black "Duffy"]
[WhiteElo "1552"]
[BlackElo "1623"]
[PlyCount "44"]
[Result "0-1"]

1.d4 d5 2.c4 e6 3.Nc3 c5 4.cxd5 exd5 5.Nf3 Nc6 
6.dxc5 d4 7.Ne4 Bf5 8.Ned2 Bxc5 9.a3 Nf6 10.g3 O-O 
11.Bg2 Re8 12.O-O a6 13.b4 Ba7 14.Bb2 Qd7 15.Nc4 
Bg4 16.Re1 Ne4 17.Qd3 h6 18.e3 dxe3 19.Qxd7 exf2+ 
20.Kf1 {Whew, this game sure stopped being fun for 
me in a hurry!}  fxe1Q+ {I know what you mean, 
been there, done that too! I was just lucky}  
21.Rxe1 {I wouldn't go that far (calling it 
lucky)... you did put me in a bit of a bind, 
prompting me into the brain fart. Sorta like 
UCLA-Gonzaga the other night in the NCAA 
basketball tournament.}  Bxd7 {Lol, there 
certainly has been some serios upsets in that 
tourney! George Mason-U-Conn comes to mind}  22.h3 
{I'm not sure what happened, but I sorta thought I 
would get at least get a minor piece for the rook 
and pawn. I'll resign next move. :-) Well done.}  
Nxg3+ {Thanks for the game, you are a great sport. 
All the best to you in the remaining games.} 
 0-1

[Event "HCL-B3914"]
[Site "www.playchess.de"]
[Date "2006.03.28"]
[Round "5"]
[White "foinaven"]
[Black "Bible_Believer"]
[WhiteElo "1418"]
[BlackElo "1452"]
[PlyCount "33"]
[Result "1-0"]

1.d4 {Hi from Antwerp, Belgium.}  Nf6 {Greetings 
from Nashville, Tennessee in the USA.}  2.c4 {Good 
luck Michael.}  g6 3.Nc3 Bg7 4.e4 d6 5.f3 O-O 
6.Be3 b6 7.Bd3 a6 8.Nge2 c5 9.d5 e6 10.O-O exd5 
11.cxd5 Nbd7 12.b3 b5 13.Ng3 b4 14.Nce2 Re8 15.Bc2 
Bb7 16.Qd3 Qe7 17.Nf4 1-0

[Event "HCL-A2612"]
[Site "www.playchess.de"]
[Date "2006.03.28"]
[Round "12"]
[White "XANDERKIRV"]
[Black "gridguy"]
[WhiteElo "1489"]
[BlackElo "1596"]
[PlyCount "60"]
[Result "1/2-1/2"]

1.e4 c5 2.Nf3 Nc6 3.d4 cxd4 4.Nxd4 Nf6 5.Nc3 e5 
6.Ndb5 d6 7.f3 a6 8.Na3 Be6 9.Bc4 Bxc4 10.Nxc4 b5 
11.Ne3 Rc8 12.O-O Nd4 13.Ne2 Nxe2+ 14.Qxe2 Qb6 
15.Kh1 Be7 16.c3 O-O 17.Nf5 Rc7 18.Nxe7+ Rxe7 
19.Bg5 Re6 20.Be3 Qc6 21.Qf2 d5 22.exd5 Nxd5 
23.Rad1 Nxe3 24.Qxe3 e4 25.fxe4 Rxe4 26.Qf3 Qe6 
27.h3 Re2 28.Rf2 Rxf2 29.Qxf2 Qxa2 30.Rd2 Qe6 
{(offering draw)}  1/2-1/2

[Event "HCL-B3952"]
[Site "www.playchess.de"]
[Date "2006.03.28"]
[Round "8"]
[White "Erbse"]
[Black "marcoantunes"]
[WhiteElo "600"]
[BlackElo "1500"]
[PlyCount "42"]
[Result "0-1"]

1.e4 Nf6 2.Nc3 d5 3.exd5 Nxd5 4.Nxd5 Qxd5 5.c4 Qa5 
6.a3 c6 7.b4 Qe5+ 8.Ne2 Qxa1 9.Nc3 g6 10.Qc2 Bg7 
11.Be2 Bf5 12.Bd3 Bxd3 13.Qxd3 Qxc1+ 14.Nd1 Qa1 
15.O-O Qd4 16.Qxd4 Bxd4 17.Ne3 Bxe3 18.dxe3 Nd7 
19.f4 O-O 20.g4 e5 21.g5 a5 0-1

[Event "HCL-A2666"]
[Site "www.playchess.de"]
[Date "2006.03.28"]
[Round "5"]
[White "grannialex"]
[Black "nico21"]
[WhiteElo "1827"]
[BlackElo "1529"]
[PlyCount "95"]
[Result "1-0"]

1.d4 Nf6 2.c4 e6 3.Nc3 Bb4 4.Nf3 O-O 5.Bg5 d5 
6.cxd5 exd5 7.Qc2 c6 8.e3 h6 9.Bh4 Nbd7 10.Bd3 Qe8 
11.O-O Bxc3 12.Qxc3 Ne4 13.Bxe4 Qxe4 14.Rac1 Qg6 
15.Qc2 Qxc2 16.Rxc2 g5 17.Bg3 Nf6 18.Nd2 Re8 
19.Be5 Bf5 20.Rc3 Nd7 21.Bg3 Nb6 22.b3 Nd7 23.Nf3 
Rac8 24.Rfc1 Nf6 25.Nd2 Bg6 26.b4 a6 27.a4 Rca8 
28.h3 Bf5 29.Be5 Nd7 30.Nf3 Nxe5 31.Nxe5 a5 32.Rb3 
axb4 33.Rxb4 f6 34.Nf3 Rab8 35.Nd2 Re7 36.Rxc6 
bxc6 37.Rxb8+ Kg7 38.Nb3 Ra7 39.Nc5 Bc2 40.Rb2 Bf5 
41.Rb6 Rc7 42.a5 Ra7 43.a6 Ra8 44.Rxc6 Kf7 45.Rc7+ 
Ke8 46.a7 Kd8 47.Rg7 Ke8 48.Rg8+ 1-0

[Event "HCL-B3916"]
[Site "www.playchess.de"]
[Date "2006.03.28"]
[Round "21"]
[White "donsimon"]
[Black "mitke"]
[WhiteElo "1076"]
[BlackElo "1255"]
[PlyCount "69"]
[Result "1-0"]

1.e4 {hello}  c5 {Hello from croatia}  2.Nc3 
{Hello from Berlin! Where in Crotia are you?}  b6 
3.d4 e6 4.g3 Bb7 5.d5 exd5 6.exd5 Qe7+ 7.Be3 g6 
8.f4 Nh6 9.Qd2 Bg7 10.O-O-O O-O 11.Nb5 d6 12.h3 a6 
13.Nc3 b5 14.a3 Nd7 15.g4 f5 16.g5 Nf7 17.h4 b4 
18.axb4 cxb4 19.Na4 a5 20.Nb6 Nxb6 21.Bxb6 Ba6 
22.Bd4 Bxf1 23.Bxg7 Kxg7 24.Rxf1 Nd8 25.Re1 Qd7 
26.h5 Nb7 27.Nf3 Nc5 28.Nd4 Ne4 29.Qd3 Rfe8 
30.Ne6+ Kf7 31.Qd4 Rxe6 32.dxe6+ Qxe6 33.hxg6+ 
Qxg6 34.Rh6 Qg8 35.Qd5+ 1-0

[Event "HCL-M905"]
[Site "www.playchess.de"]
[Date "2006.03.28"]
[Round "18"]
[White "Nosferatu"]
[Black "dynachess"]
[WhiteElo "2170"]
[BlackElo "2236"]
[PlyCount "49"]
[Result "1-0"]

1.d4 {Hi from germany and a good game}  f5 {Hi 
from France . Have a good game}  2.c4 e6 3.g3 Nf6 
4.Bg2 c6 5.Qc2 d5 6.Nh3 Bd6 7.Bf4 O-O 8.O-O Be7 
9.Nd2 a5 10.Nf3 Na6 11.Ne5 Qe8 12.Bd2 b6 13.Nf4 
Ne4 14.cxd5 cxd5 15.Rfc1 Bd6 16.Nfd3 Bb7 17.Bf4 a4 
18.f3 Nf6 19.Qd2 Nh5 20.Bg5 Nb8 21.Rc2 Nc6 22.Nxc6 
Bxc6 23.Rac1 Nf6 24.R2xc6 {???}  Qb8 {My son ( 8) 
has clicked on Move instead of Preview. The only 
moves was 25...Bb5 26 Ne5, Ne6 with = or 
+/=.
The move Qb8 is just for the mail.}  25.Bf4 {Oh, 
I'm sorry. Unfortunately this means that this game 
is clearly won for white. Hope we will meet 
again...}  1-0

[Event "HCL-A2571"]
[Site "www.playchess.de"]
[Date "2006.03.28"]
[Round "5"]
[White "Herb_CN"]
[Black "janaj"]
[WhiteElo "1477"]
[BlackElo "1238"]
[PlyCount "111"]
[Result "1-0"]

1.d4 d5 {Hello from Munich and much fun}  2.c4 
{Greetings from Pennsylvania, and good luck.}  
dxc4 3.Nf3 a6 4.e3 b5 5.a4 c6 6.axb5 cxb5 7.b3 Be6 
8.bxc4 bxc4 9.Qa4+ Nd7 10.Be2 g6 11.O-O Bg7 12.Bb2 
Nh6 13.Nbd2 O-O 14.Nxc4 Bxc4 15.Bxc4 Nb6 16.Qb3 
Nxc4 17.Qxc4 a5 18.Rfc1 Nf5 19.Ba3 Re8 20.Rab1 Nd6 
21.Qd5 e6 22.Qxd6 Qxd6 23.Bxd6 h6 24.Ne5 a4 25.Nc4 
Bf8 26.Bxf8 Kxf8 27.Na3 Kg7 28.Rc5 Reb8 29.Rxb8 
Rxb8 30.g3 Rb3 31.Nc2 Rb2 32.Kf1 h5 33.h4 Kf6 
34.Ke1 Rb1+ 35.Kd2 Rb2 36.Kc1 Rb3 {(offering 
draw)}  37.Ra5 {Let's play on, I need the 
practice.}  a3 38.Nxa3 Rb4 39.Kc2 Rb7 40.Nc4 Rc7 
41.Kd3 Kg7 42.Nd6 Kf8 43.Ne4 f5 44.Ng5 Rc6 45.Ra7 
Ke8 46.e4 fxe4+ 47.Kxe4 Rc2 48.Nxe6 Rxf2 49.Kd5 
Rf7 50.Rxf7 Kxf7 51.Kd6 Kf6 52.d5 Kf5 53.Kc7 Kg4 
54.d6 Kxg3 55.d7 Kxh4 56.d8Q+ 1-0

[Event "HCL-E1589"]
[Site "www.playchess.de"]
[Date "2006.03.28"]
[Round "8"]
[White "hakam_kilani"]
[Black "Ezechiel"]
[WhiteElo "1689"]
[BlackElo "1766"]
[PlyCount "84"]
[Result "0-1"]

1.e4 e5 {Hello Hakam, enjoy the match!}  2.Nf3 Nc6 
3.Bc4 Bc5 4.O-O Nf6 5.c3 Nxe4 6.d4 exd4 7.cxd4 d5 
8.dxc5 dxc4 9.Qxd8+ Nxd8 10.Re1 f5 11.Nc3 O-O 
12.Nxe4 fxe4 13.Rxe4 Be6 14.Bg5 Bd5 15.Rd4 c6 
16.Bxd8 Raxd8 17.Rad1 Rde8 {(offering draw)}  
18.Kf1 c3 19.bxc3 Bxf3 20.gxf3 Rxf3 21.Rb4 Rf7 
22.Rdb1 Ree7 23.a4 a5 24.Rd4 Rf5 25.Rd8+ Kf7 
26.Rb8 Rxc5 27.R8xb7 Rxc3 28.Rxe7+ Kxe7 29.Rb7+ 
Kf6 30.Ra7 Rc5 31.Kg2 h6 32.Kg3 g5 33.Ra6 Kf5 
34.f3 h5 35.Ra8 h4+ 36.Kg2 Kf4 37.Rf8+ Ke3 38.Re8+ 
Kd3 39.Re4 Rd5 40.Kf2 Kc3 41.f4 gxf4 42.Rxf4 
Rd4 0-1